• 首页
  • 本馆介绍
  • 公告通知
  • 最新文献
  • 馆藏检索
  • 电子资源
  • 读者导购
  • 参考咨询
  • 我的图书馆
  • 登录
  • 详细信息显示
  • 放入我的书架
  • 预约/预借图书
  • 作者相关作品
  • 分类相关作品
  • 丛书相关作品
  • 出版社相关作品

书目信息

  • 表格格式
  • 工作单格式
  • 卡片格式
题名:
中小学体育教学码课码书112例
    
 
作者: 王献英 主编
分册:  
出版信息: 北京   光明日报出版社  2019
页数: 129页
开本: 21cm
丛书名:
单 册:
中图分类: G633.963
科图分类:
主题词: 体育课--中小学--教学参考资料
电子资源:
ISBN: 978-7-5194-5427-2
000 01452nam0 2200229 45
001 012001005165
005 20140101141608.0
010    @a978-7-5194-5427-2@dCNY55.00
100    @a20190708d2019 em y0chiy0110 ea
101 0  @achi
102    @aCN@b110000
105    @ay z 000yy
106    @ar
200 1  @a中小学体育教学码课码书112例@Azhong xiao xue ti yu jiao xue ma ke ma shu 1 1 2 li@f王献英主编
210    @a北京@c光明日报出版社@d2019
215    @a129页@d21cm
330    @a这是一本一线老师写给一线老师的书,也是广东省首本中小学体育学科“码课码书”著作。 “码课码书”是近些年来在学校教学领域出现的新名词,码课主要是以微课程为基础将知识点的讲解用手机、摄像机等进行拍摄,再利用多媒体等现代化、智能化的教学手段和方法对课程视频进行整理和输出;码书是使用视频生成二维码创作出来的读物。“码课码书”即指创作者将书本知识内容制作成微课视频生成二维码,印刷在书本对应的知识内容旁,让读者随时随地进行扫码观看视频学习。本书的内容全部由广东省王献英名师工作室中的教师自行开发,从搜集素材、编辑文字、拍摄视频到后期剪辑制作,历经两年制作完成。本书内容涉及足球。篮球、软式排球、队列队形、有氧舞蹈、放松操、趣味田径等。本书源于教师的课堂教学实际,为教师、学生所需,为教师、学生所用,为学校体育教学增添了乐趣和时尚色彩,“码课码书”的出现不仅是一种工具,更是一种教师成长的新范式。
606 0  @a体育课@x中小学@j教学参考资料
690    @aG633.963@v5
701  0 @a王献英@Awang xian ying@4主编
801    @b江苏凤凰@c20191020
905    @b1207562-7@dG633.963@e201@f6
    
    中小学体育教学码课码书112例/王献英主编.-北京:光明日报出版社,2019
    129页;21cm
    
    
    ISBN 978-7-5194-5427-2:CNY55.00
    这是一本一线老师写给一线老师的书,也是广东省首本中小学体育学科“码课码书”著作。 “码课码书”是近些年来在学校教学领域出现的新名词,码课主要是以微课程为基础将知识点的讲解用手机、摄像机等进行拍摄,再利用多媒体等现代化、智能化的教学手段和方法对课程视频进行整理和输出;码书是使用视频生成二维码创作出来的读物。“码课码书”即指创作者将书本知识内容制作成微课视频生成二维码,印刷在书本对应的知识内容旁,让读者随时随地进行扫码观看视频学习。本书的内容全部由广东省王献英名师工作室中的教师自行开发,从搜集素材、编辑文字、拍摄视频到后期剪辑制作,历经两年制作完成。本书内容涉及足球。篮球、软式排球、队列队形、有氧舞蹈、放松操、趣味田径等。本书源于教师的课堂教学实际,为教师、学生所需,为教师、学生所用,为学校体育教学增添了乐趣和时尚色彩,“码课码书”的出现不仅是一种工具,更是一种教师成长的新范式。
●
相关链接 在E读中查询图书 在五车中查询图书 在当当中查询图书 在豆瓣中查询图书


正题名:中小学体育教学码课码书112例     索取号:G633.963/201         预约/预借

序号 登录号 条形码 馆藏地/架位号 状态 备注
1 1207562   212075626   第一样本阅览室/ [索取号:G633.963/201] 在馆    
2 1207563   212075635   教育系资料室/ [索取号:G633.963/201] 在馆    
3 1207564   212075644   教育系资料室/ [索取号:G633.963/201] 在馆    
4 1207565   212075653   第四借阅区/ [索取号:G633.963/201] 在馆    
5 1207566   212075662   第四借阅区/ [索取号:G633.963/201] 在馆    
6 1207567   212075671   教育系资料室/ [索取号:G633.963/201] 在馆    
唐山师范学院图书馆 欢迎您!
大连网信软件有限公司© 版权所有